FK Senec servis Športu pred štartom Corgoň ligy 2007/08

Bibliographic Details
Format: Article
Language:Slovak
PhysicalDescription:Fotogr., tab.
ISSN:0139-7001
Subjects:

MARC

LEADER 00000nab a2200000 ar4500
001 vtls009082253
003 SK-MaSNL
005 20260303065732.0
008 070726c20070712xo mr|p|||||||000 b|slo
015 |a SNKBUCL2007/07  |2 snkbucl 
038 |a SNKBUCL 
040 |a SNKBUCL  |b slo  |c SNKBUCL  |e AACR2 
041 0 |a slo 
044 |a xo  |c SK 
080 |a 796.332  |x (437.6)  |2 2001 
245 0 0 |a FK Senec  |b servis Športu pred štartom Corgoň ligy 2007/08 
300 |b Fotogr., tab. 
610 2 7 |a FK Senec  |2 snkbucl  |9 1066197 
650 0 7 |a futbal  |2 snkbucl  |9 3291 
773 0 |t Šport  |g Roč. 61, č. 159 (12.7.2007)  |x 0139-7001 
773 0 8 |t Šport extra  |g (12.7.2007), s. 19 
852 |a SNK  |b KIS3GCP 
999 |c 1752433  |d 1754363